000 00696nam a2200193Ia 4500
005 20250508161841.0
008 008 250505s9999 xx 000 0 eng d
037 _aDissertations
040 _aFEDL
_beng
_cFEDL
041 _aeng
_2eng
084 _a301.320 7, GUP/DI
_qFEDL
100 _aGupta Nina
_9524114
245 0 _aInvestigation into how population education has been incorporated in the draft syllabus at the teacher training level and how the porgramme is being implemented in the schools of Delhi
260 _c1977
300 _avi,129p.
546 _aM. Ed. Dissertation (Delhi University)
942 _cDIS
_h301.320 7, GUP/DI
999 _c1372651
_d1372651